000 00795nam a22002412 4500
001 0000005164
005 20151217154351.0
008 070607s xx 000 0 eng d
020 _a8120309251 :
_cKES 540
040 _aKABU
_cKABU
050 0 _aTK5105
_b.B53 1993
100 1 _aBlack, Uyless D.
_@0000147960
245 1 0 _aData communications and distributed networks /
_cUyless D. Black.
250 _a3rd ed.
260 _aNew Delhi :
_bPrentice-Hall of India,
_cc1993.
300 _axvi, 426 p. ;
_c24 cm.
650 0 _aData transmission systems.
_@0000156307
650 0 _aComputer networks.
_@0000148214
650 0 _aElectronic data processing
_xDistributed processing.
_@0000148188
908 _a070607
950 _@1
999 _c10824
_d10824